000 00501 a2200169 4500
005 20250507102235.0
020 _a978-0-07-337675-2
082 _a658. 403 HAA
100 _aHAAG, S.
245 _aInformation Systems Essentials
250 _a3rd Ed.
260 _aNew York,
_bMcGraw-Hill,
_c2009.
300 _axxvi, 412p.: ill.; figure, picture, table.
_bGlossary, index.
_c28cm.
700 _aCUMMINGS, M.
856 _yAccess online book
_fInformation Systems
_dwww.mhhe.com/Haag
942 _2ddc
_cBKS
999 _c2085
_d2085